| 000 | 01123cab a2200265 4500 | ||
|---|---|---|---|
| 001 | ABS58487 | ||
| 008 | 090401t1998 xxu||||| |||| 00| 0 eng d | ||
| 035 | _a(Sirsi) u85133 | ||
| 041 | _aeng | ||
| 100 | _aWilkinson, H. W. | ||
| 245 | _aNew houses? not in my back yard | ||
| 260 | _c1998 | ||
| 350 | _a0 | ||
| 490 |
_aNew Law Journal _v148(6831) 13 March 1998, 367-368(2) |
||
| 520 | _aGives guidance for those who want to object to new homes being built next to their houses, in the shape of arguments which have proved effective in some reported cases. Cases cover arguments on over-development, loss of privacy, loss of sites suitable for employment/economic uses, very special features, environmental unsuitability, effect on wild life, loss of open space, objections to non-housing uses, benders - unorthodox housing, and equal in the sight of the law. | ||
| 650 | _aBROWNFIELD SITES | ||
| 650 | _aCASE LAW | ||
| 650 | _aGREENFIELD SITES | ||
| 650 | _aNEW HOMES | ||
| 650 | _aOBJECTORS | ||
| 650 | _aPLANNING OBJECTIONS | ||
| 690 | _aPLANNING LAW AND PRACTICE | ||
| 942 | _n0 | ||
| 948 | _c23/03/1998 | ||
| 999 |
_c53524 _d53524 |
||